Movies Quiz

Random Movies or Actor Quiz

Movie Cast Match (1989) Quiz Stats

 Plays Quiz Updated Jul 26, 2016

Score 0/40 Timer 08:00
17 Plays Today
% Correct
Back to the Future Part II
94.7%
Star Trek V: The Final Frontier
93.9%
Ghostbusters II
93%
When Harry Met Sally…
92.6%
Lethal Weapon 2
92.5%
Indiana Jones and the Last Crusade
92.2%
Batman
90.9%
Look Who's Talking
90%
Driving Miss Daisy
89.8%
The Karate Kid, Part III
89.4%
Honey, I Shrunk the Kids
89.2%
Dead Poets Society
89.1%
Uncle Buck
89%
Field of Dreams
88.8%
Steel Magnolias
88.1%
National Lampoon's Christmas Vacation
87.5%
Bill & Ted's Excellent Adventure
85.5%
Road House
85.2%
Born on the Fourth of July
85%
The Little Mermaid
82.2%
% Correct
Turner & Hooch
82%
Kickboxer
80.8%
The War of the Roses
80.2%
Parenthood
79.7%
Harlem Nights
78.9%
The Fabulous Baker Boys
78.8%
Licence to Kill
78.8%
Major League
78.1%
A Nightmare on Elm Street 5: The Dream Child
77.4%
My Left Foot
77.1%
Tango & Cash
76.9%
Glory
75.5%
Fletch Lives
74.5%
Say Anything…
74%
Henry V
73.8%
Do the Right Thing
73.1%
See No Evil, Hear No Evil
73.1%
sex, lies, and videotape
68.8%
Weekend at Bernie's
67.5%
Always
57.3%

You're not logged in!

Compare scores with friends on all Sporcle quizzes.
OR
Log In

Show Comments

Extras

Top Quizzes Today


Score Distribution

Your Account Isn't Verified!

In order to create a playlist on Sporcle, you need to verify the email address you used during registration. Go to your Sporcle Settings to finish the process.

Report this User

Report this user for behavior that violates our Community Guidelines.

Details: